Spain in the Eurovision Song Contest - Statistics

General Stats
  • This quiz has been taken 22 times
    11 since last reset
  • The average score is 31 of 64
Answer Stats
Answer % Correct
Eaea
89%
La La La
89%
SloMo
89%
Zorra
89%
Esa diva
78%
Voy a quedarme
78%
Bandido
67%
Do It For Your Lover
67%
Eres tú
67%
La venda
67%
Say Yay!
67%
Vivo cantando
67%
Amanecer
56%
Bailar pegados
56%
Bailemos un vals
56%
Brujería
56%
Dime
56%
Él
56%
Europe's Living a Celebration
56%
I Love You Mi Vida
56%
Llámame
56%
Quédate conmigo
56%
Tu canción
56%
Algo pequeñito
44%
Ay, qué deseo
44%
Baila el Chiki Chiki
44%
Bloody Mary
44%
Caracola
44%
Colgado de un sueño
44%
Dancing in the Rain
44%
Dile que la quiero
44%
Estando contigo
44%
Gwendolyne
44%
Hablemos del amor
44%
Hombres
44%
Lady, Lady
44%
La noche es para mí
44%
Nacida para amar
44%
No estás solo
44%
No quiero escuchar
44%
Que me quiten lo bailao
44%
Quién maneja mi barca
44%
Sin rencor
44%
Su canción
44%
Tú volverás
44%
Vuelve conmigo
44%
Yo soy aquél
44%
Algo prodigioso
33%
Amanece
33%
Canta y sé feliz
33%
Contigo hasta el final
33%
Ella no es ella
33%
Enséñame a cantar
33%
En un mundo nuevo
33%
La chica que yo quiero (Made in Spain)
33%
La fiesta terminó
33%
Para llenarme de ti
33%
Qué bueno, qué bueno
33%
Quédate esta noche
33%
Sobran las palabras
33%
Todo esto es la música
33%
Valentino
33%
¿Qué voy a hacer sin ti?
22%
Y sólo tú
22%
No matching quizzes found
Score Distribution
Percent of People with Each Score
Percentile by Number Answered
Your Score History
You have not taken this quiz since the last reset